Fr. Conceicao Rodrigues College of Engineering

Electronic devices and circuits (Record no. 22855)

MARC details
000 -LEADER
fixed length control field 00374nam a2200169Ia 4500
082 ## - DEWEY DECIMAL CLASSIFICATION NUMBER
Classification number 621.3815/MIL
Item number MIL
100 ## - MAIN ENTRY--PERSONAL NAME
Personal name Millman/Jacob/ Halkias/C
250 ## - EDITION STATEMENT
Edition statement 2
245 ## - TITLE STATEMENT
Title Electronic devices and circuits
260 ## - PUBLICATION, DISTRIBUTION, ETC.
Name of publisher, distributor, etc. McGraw - Hill
Place of publication, distribution, etc. New Delhi
Date of publication, distribution, etc. 2008
366 ## - TRADE AVAILABILITY INFORMATION
Publishers's discount category 20
300 ## - PHYSICAL DESCRIPTION
Extent 656
546 ## - LANGUAGE NOTE
Language note ENGLISH
650 ## - SUBJECT ADDED ENTRY--TOPICAL TERM
Topical term or geographic name entry element Devices
654 ## - SUBJECT ADDED ENTRY--FACETED TOPICAL TERMS
Focus term devices
942 ## - ADDED ENTRY ELEMENTS (KOHA)
Koha item type BOOK
Holdings
Withdrawn status Lost status Damaged status Not for loan Collection Home library Current library Date acquired Source of acquisition Cost, normal purchase price Inventory number Total Checkouts Full call number Barcode Date last seen Date last checked out Cost, replacement price Price effective from Koha item type
        CRC Fr. Agnel's C.Rodrigues College of Engineering AGNEL TECHNICAL COLLEGE LIBRARY 17/03/2023 Professional Book House. 275.00 563 dt 25/03/2008 1 621.3815/MIL MIL 18570 23/09/2025 21/08/2025 295.00   BOOK